00469nam a2200169Ia 4500999001500000003000400015005001700019008004100036040000900077082001700086100002700103245006800130250001200198260004000210300000900250942004000259 c6095d6095OSt20200121150020.0190216s9999||||xx |||||||||||||| ||und|| coclc a658.3bGUP/P a Gupta, Shashi K91007 0aPersonnel Management And Industrial Relations /cShashi K Gupta a1dt ed. bVishal Publcations,c2000.aMeerut: a448p cBK2ddch658.3iGUP/Pk658.3mGUP/P